=LDR 00000nam 2200000 4500 =001 INLIS000000000036532 =005 20140722162415.0 =006 =007 =008 Ind =035 ##$$a 0010-061300000036532 =041 ##$$a Ind =082 ##$$a 741.5 =090 ##$$a 741.5, Sho k =100 ##$$a Shone, Rob =245 ##$$a Komik sains pekerjaan menantang bahaya, wartawan perang, oleh Rob Shone ; alih bahasa, Yustina Koen S =260 ##$$a Jakarta $b pt elex media komputindo $c 2008 =300 ##$$a 48 hlm, ilus, 25 cm =650 ##$$a Komik, Bacaan =700 ##$$a Koen, S. Yusnita =850 ##$$a NBPNMAT =990 ##$$a 00050005 =990 ##$$a 21102306 =990 ##$$a 21400613/BPAP-NTB/20142014